Genesis Car Models Worldwide 2024-25 - Statistics

General Stats
  • This quiz has been taken 196 times
    54 since last reset
  • The average score is 10 of 10
Answer Stats
Hint Answer % Correct
Compact Sport Sedan G70
100%
Compact Estate G70 Shooting Brake
100%
Midsize Luxury Sedan G80
100%
Midsize Luxury Sedan EV G80 EV
100%
Executive Sedan G90
100%
Compact Luxury SUV GV70
92%
Compact Luxury SUV EV GV70 EV
92%
Midsize Luxury SUV GV80
92%
Midsize Luxury SUV GV80 Coupe
92%
Compact Luxury SUV EV GV60
88%
No matching quizzes found
Score Distribution
Percent of People with Each Score
Percentile by Number Answered
Your Score History
You have not taken this quiz since the last reset